Suomalaisen lähetystyön kriisi

Titel: Suomalaisen lähetystyön kriisi : Martti Rautasen kirjeet Carl Hugo Hahnille 1888-1895 / Simo Heininen
Verfasser:
Veröffentlicht: Helsinki : Suomen kirkkohistoriallinen seura, 2019
Umfang: 118 Seiten : Illustrationen, Karten
Format: Buch
Sprache: Finnisch
Schriftenreihe/
mehrbändiges Werk:
Suomen Kirkkohistoriallisen Seuran toimituksia ; 237
Schlagworte:
ISBN: 9789525031911
Buchumschlag
X
alg: 44559415
001A    $03004:26-02-19 
001B    $01999:26-02-19 $t22:31:33.000 
001D    $03004:26-02-19 
001U    $0utf8 
001X    $00 
002@    $0Aau 
002C    $aText $btxt $2rdacontent 
002D    $aohne Hilfsmittel zu benutzen $bn $2rdamedia 
002E    $aBand $bnc $2rdacarrier 
003@    $0445594152 
003O    $01088428289 $aOCoLC 
004A    $A9789525031911 
007A    $0445594152 $aHEB 
010@    $afin 
010E    $erda 
011@    $a2019 
013D    $RQuelle $#Korrespondenz Briefsammlung $#Briefwechsel Briefsammlung $#Briefsammlungen $74146609-3 $8Briefsammlung [Ts1] $9085588547 
021A    $aSuomalaisen lähetystyön kriisi $dMartti Rautasen kirjeet Carl Hugo Hahnille 1888-1895 $hSimo Heininen 
028A    $BVerfasser $#Heininen, Simo Kaarle Matias $4aut $7123807883 $8Heininen, Simo$Z1943- [Tp3] $9154634018 
033A    $pHelsinki $nSuomen kirkkohistoriallinen seura 
034D    $a118 Seiten 
034M    $aIllustrationen, Karten 
036E    $aSuomen Kirkkohistoriallisen Seuran toimituksia $l237 
037A    $aLiteraturverzeichnis Seite 111-115 
044K    $#Rautanen, Martin $7119268213 $8Rautanen, Martti$Z1845-1926 [Tp1] $9087608073 
044K    $#Hahn, Karl Hugo $#Hahn, Carl H. $#Hahn, Hugo $#Hahn, C. H. L. $7118700596 $8Hahn, Carl Hugo$Z1818-1895 [Tp1] $9087041405 
044K    $RFinland $#Finnland $#Finnland $#Großfürstentum Finnland $#Finland 1917- $#Republik Finnland $#Fen-lan $#Finljandija $#Republic of Finland $#Finnlando $#Fennoscandia $#Finlande $#Republiken Finland $#Finnländische Demokratische Republik $#Suomi $#Suomen Tasavalta $74017243-0 $8Finnland [Tg1] $9085040355 
044K    $RSüdwestafrika $RAfrika $#Namibia $#Namibia $#Afrika, Südwest $#South-West Africa Namibia $#Südwestafrika Namibia $#Namibië $#Republic of Namibia $#SWA/Namibia $74075202-1 $8Namibia [Tg1] $9085212180 
044K    $RProtestantismus $#Protestant churches $#Églises protestantes $#Chiese protestanti $#Iglesias protestantes $#evangelische Kirche $74015833-0 $8Evangelische Kirche [Ts1] $9085036757 
044K    $RMission $#Evangelistic work $#Évangélisation $74121091-8 $8Christianisierung [Ts1] $9085389862 
044K    $#Baltendeutsche $#Deutsche Baltikum $74011593-8 $8Deutschbalten [Ts1] $9085023647 
045F    $a200.9489709034 $eDDC23BSB 
045F/01 $a200.9 
045F/03 $f09034 
045F/03 $g479 
045F/03 $g4897 
045R    $aKirchengeschichte 1888-1895 
046L    $aEnglische Zusammenfassung unter dem Titel: The Crisis of the Finnish Mission: the Letters of Martin Rautanen to Carl Hugo Hahn 1888-1895 

lok: 44559415 24

exp: 44559415 24 1 #EPN
201B/01 $026-02-19 $t08:15:44.000 
201C/01 $026-02-19 
201U/01 $0utf8 
203@/01 $01046501763 
208@/01 $a26-02-19 $bz 
209A/01 $a19.00851 $du $f050 $h19 00851 $x00 
209C/01 $a19.00851 T $h19 00851 T 
209G/01 $a74268854 $x00 
220C/01 $akoe 
247C/01 $8358050-7 Marburg, Bibliothek des Herder-Instituts Marburg $9102600961
LEADER 00000cam a2200000 c 4500
001 445594152
003 DE-603
005 20190226223133.0
007 tu
008 190226s2019 xx |||| | u00||u|fin c
020 |a 9789525031911 
035 |a (DE-599)HEB445594152 
035 |a (OCoLC)1088428289 
040 |a DE-603  |b ger  |c DE-603  |d DE-603  |e rda 
041 |a fin 
082 0 4 |8 1\u  |a 200.9489709034  |q DE-101  |2 23/BSB 
085 |8 1\u  |b 200.9 
085 |8 1\u  |z 1  |s 09034 
085 |8 1\u  |z 2  |s 479 
085 |8 1\u  |z 2  |s 4897 
100 1 |a Heininen, Simo  |d 1943-  |e Verfasser  |4 aut  |0 (DE-603)154634018  |0 (DE-588)123807883  |2 gnd 
245 0 0 |a Suomalaisen lähetystyön kriisi  |b Martti Rautasen kirjeet Carl Hugo Hahnille 1888-1895  |c Simo Heininen 
264 1 |a Helsinki  |b Suomen kirkkohistoriallinen seura  |c 2019 
300 |a 118 Seiten  |b Illustrationen, Karten 
336 |a Text  |b txt  |2 rdacontent 
337 |a ohne Hilfsmittel zu benutzen  |b n  |2 rdamedia 
338 |a Band  |b nc  |2 rdacarrier 
490 0 |a Suomen Kirkkohistoriallisen Seuran toimituksia  |v 237 
500 |a Literaturverzeichnis Seite 111-115 
546 |a Englische Zusammenfassung unter dem Titel: The Crisis of the Finnish Mission: the Letters of Martin Rautanen to Carl Hugo Hahn 1888-1895 
600 1 7 |a Rautanen, Martti  |d 1845-1926  |0 (DE-588)119268213  |0 (DE-603)087608073  |2 gnd 
600 1 7 |a Hahn, Carl Hugo  |d 1818-1895  |0 (DE-588)118700596  |0 (DE-603)087041405  |2 gnd 
648 7 |a Kirchengeschichte 1888-1895  |2 gnd 
650 7 |a Evangelische Kirche  |0 (DE-588)4015833-0  |0 (DE-603)085036757  |2 gnd 
650 7 |a Christianisierung  |0 (DE-588)4121091-8  |0 (DE-603)085389862  |2 gnd 
650 7 |a Deutschbalten  |0 (DE-588)4011593-8  |0 (DE-603)085023647  |2 gnd 
651 7 |a Finnland  |0 (DE-588)4017243-0  |0 (DE-603)085040355  |2 gnd 
651 7 |a Namibia  |0 (DE-588)4075202-1  |0 (DE-603)085212180  |2 gnd 
655 7 |a Briefsammlung  |2 gnd-content  |0 (DE-588)4146609-3  |0 (DE-603)085588547 
924 0 |9 Mb 50  |a (DE-603)1046501763  |b DE-Mb50  |c HES  |d c  |g 19.00851